Movies Quiz

Random Movies Quiz

Movies from the Future Quiz Stats

Quiz Updated Jan 4, 2013

Challenge
Share
Tweet
Score 0/30 Timer 06:00
1 Play Today
Movie % Correct
Avatar
96.9%
Planet of the Apes
96.3%
Star Trek
90.2%
WALL-E
86.6%
The Hunger Games trilogy
86.3%
Back to the Future 2
82.3%
I Robot
81.7%
The Matrix trilogy
79.2%
V for Vendetta
72.7%
Alien series
69.9%
I Am Legend
69.2%
Waterworld
61.7%
Total Recall
60.7%
2001: A Space Odyssey
60.6%
The Fifth Element
59.7%
Movie % Correct
Minority Report
57.5%
Mad Max trilogy
55.5%
Judge Dredd
53.9%
The Book of Eli
52.1%
Blade Runner
49.1%
12 Monkeys
48.9%
Terminator Salvation
47.8%
Running Man
36.2%
Barbarella
36.1%
Demolition Man
34.3%
Battlefield Earth
33.7%
Doom
21.8%
Time Cop
21%
Logan's Run
20.4%
Soylent Green
18.2%

You're not logged in!

Compare scores with friends on all Sporcle quizzes.
Sign Up with Email
OR
Log In

You Might Also Like...

Show Comments

Extras

Top Quizzes Today


Score Distribution

Your Account Isn't Verified!

In order to create a playlist on Sporcle, you need to verify the email address you used during registration. Go to your Sporcle Settings to finish the process.